El alcance de la invalidez de la actuación administrativa
Guardat en:
| Autor principal: | |
|---|---|
| Altres autors: | |
| Format: | Desconegut |
| Idioma: | anglès espanyol |
| Publicat: |
Madrid
Instituto Nacional de Administración Pública INAP
2017
|
| Edició: | Primera edición |
| Matèries: | |
| Etiquetes: |
Afegir etiqueta
Sense etiquetes, Sigues el primer a etiquetar aquest registre!
|
MARC
| LEADER | 00000 a2200000 4500 | ||
|---|---|---|---|
| 003 | CL-VaPUC | ||
| 005 | 20240723145646.0 | ||
| 008 | 191230b ||||| |||| 00| 0 eng d | ||
| 999 | |c 375967 |d 375965 | ||
| 020 | |a 9788473515894 | ||
| 040 | |c Pontificia Universidad Católica de Valparaíso | ||
| 041 | 0 | |a spa | |
| 082 | |a 342.46 LOP 2017 | ||
| 100 | |a López Ramón, Fernando |e coordinador |9 604908 | ||
| 245 | 1 | 3 | |a El alcance de la invalidez de la actuación administrativa |
| 250 | |a Primera edición | ||
| 260 | |b Instituto Nacional de Administración Pública INAP |c 2017 |a Madrid | ||
| 300 | |a 706 p | ||
| 505 | 0 | |a Efectos de la invalidez de los actos administrativos Régimen general de la invalidez de los actos administrativos y sus efectos /María Rosario Alonso Ibáñez El laberinto de la invalidez: algunas pistas para no perderse /Tomás Cano Campos La injerencia penal en la invalidez administrativa /Felio José Bauzá Martorell El régimen de ineficacia de las declaraciones responsables y las comunicaciones /Andrea Garrido Juncal La invalidez de las medidas de resolución de entidades de crédito /María Lidón Lara Ortiz Las irregularidades no invalidantes desde una perspectiva económica /Gabriel Doménech Pascual Singularidades en la resolución de las licencias en el juego de azar /María Teresa Cantó López ¿Se puede sancionar a la Administración por la ilegalidad de su actuación? /Julia Ortega Bernardo El mito de los efectos ex nunc de la anulación por anulabilidad /José Antonio Tardío Pato Los efectos de la invalidez de los actos administrativos /Lucía Alarcón Sotomayor Efectos de la invalidez de los contratos públicos Efectos de la invalidez y prórroga de los contratos públicos /Vicenç Aguado i Cudolà Los efectos de la invalidez en los procedimientos de adjudicación de contratos públicos /Silvia Díez Sastre ¿Es admisible la impugnación indirecta de los pliegos con vicios de invalidez relativa? /Susana Eva Franco Escobar Efectos de la invalidez de los contratos públicos: el heterogéneo origen y difícil sistematización de las nulidades contractuales en Derecho administrativo /Gerardo García-Álvarez García Efectos de la invalidez de reglamentos y planes La modulación de los efectos de la invalidez de los reglamentos /Carmen Agoués Mendizábal Límites a la declaración de nulidad del planeamiento /Andrés Manuel González Sanfiel Evaluación ambiental estratégica de planes de urbanismo y elusión de fallos judiciales /Juan Antonio Chinchilla Peinado Dominio público y BIC como límites a la nulidad en el ámbito urbanístico /Alicia Espejo Campos La nulidad de los reglamentos por defectos en la realización de los trámites participativos /Irene Araguàs Galcerà Efectos de la invalidez de los reglamentos en el ámbito tributario: el caso del canon de los puertos deportivos de Andalucía /Jesús Jordano Fraga Anulación judicial del planeamiento urbanístico e impugnabilidad casacional /Guillermo Ruiz Arnáiz Notas para un bosquejo de una controversia dialogada acerca de las consecuencias y efectos de la anulación del Plan General de Ordenación Urbana de Santander /Juan Manuel Alegre Ávila, Ana Sánchez Lamelas Relación de la tercera sesión sobre Efectos de la invalidez de reglamentos y planes del IX Congreso de la AEPDA /Roberto Galán Vioque Efectos de la invalidez por infracción del derecho europeo La eficacia de las sentencias del Tribunal de Justicia de la Unión Europea sobre los Actos Nacionales /María Carmen Núñez Lozano Invalidez y revisión de los actos administrativos contrarios al Derecho europeo /Jesús Ángel Fuentetaja Pastor Actos que aplican leyes contrarias al Derecho de la Unión Europea: reflexiones sobre una sentencia del Tribunal Supremo /Luis Míguez Macho Del curioso caso de las cláusulas suelo y el principio de interpretación conforme /María Luisa Gómez Jiménez Efectos de la invalidez por infracción del Derecho europeo (Relación de la sesión tercera) /Isabel de los Mozos Touya Acto de homenaje a los expresidentes de la Asociación Homenaje al profesor Lorenzo Martín-Retortillo Baquer /José Luis Martínez López-Muñiz Respuesta del homenajeado: Lorenzo Martín-Retortillo Baquer /Lorenzo Martín-Retortillo Baquer Homenaje al profesor Francisco López Menudo /Alfonso Pérez Moreno Respuesta del homenajeado: Francisco López Menudo /Francisco López Menudo | |
| 583 | |k Hugo Gaete |c 20191230 | ||
| 650 | 0 | 0 | |a Derecho administrativo |9 254851 |
| 650 | 0 | 0 | |a Actos administrativos |9 256128 |
| 700 | 1 | |a Villar Rojas, Francisco |9 605007 | |
| 942 | |2 ddc |c BK | ||
| 952 | |0 0 |1 0 |2 ddc |4 0 |6 342_460000000000000_LOP_2017 |7 0 |9 495158 |a BIBDER |b BIBDER |d 2019-12-26 |e 36 |g 23370.00 |i 5570662 |o 342.46 LOP 2017 |p 5570662 |r 2023-01-25 |t 1 |v 23370.00 |w 2019-12-26 |y BK |k DER | ||